| 000 | 00846nam a2200229 a 4500 | ||
|---|---|---|---|
| 001 | 000027382 | ||
| 003 | OSt | ||
| 005 | 20210428104443.0 | ||
| 008 | 110331s1952 dr r 000 0 spa d | ||
| 040 |
_aDO-SdBNP _bspa _cBNPHU |
||
| 082 | 4 |
_a305.42097293 _bG633c _222 |
|
| 100 | 1 |
_aGómez, Petronila Angélica _946067 |
|
| 245 | 1 | 0 |
_aContribución para la historia del feminismo dominicano / _cPetronila Angélica Gómez. |
| 260 |
_aCiudad Trujillo, República Dominicana : _bLibrera Dominicana, _c1952. |
||
| 300 |
_a143 p. ; _c23 cm. |
||
| 500 | _aIncluye datos biográficos del autor en la solapa de la cubierta | ||
| 590 | _aInventariado, 2019/BT | ||
| 650 | 4 |
_aMujeres _zRepública Dominicana _xHistoria _91938 |
|
| 650 | 4 |
_aFeminismo _zRepública Dominicana _xHistoria _935783 |
|
| 910 | _aValidado. Control de calidad MFF | ||
| 942 |
_2ddc _cLF1 |
||
| 999 |
_c26874 _d26874 |
||